[Event "XXVI Weekend Open FIDE"]
[Site "Robecchetto con Induno ITA"]
[Date "2015.07.25"]
[Round "2"]
[White "Ruggiero, Paolino"]
[Black "Foroni, Francesco"]
[WhiteElo "1505"]
[BlackElo "1836"]
[Result "0-1"]
[PlyCount "66"]
[EventDate "2015.07.24"]

1. e4 e6 2. f4 b6 3. Nf3 Bb7 4. d3 c5 5. Nc3 Nf6 6. Be2 d5 7. e5 Nfd7 8. O-O
Nc6 9. a3 Be7 10. Qe1 a6 11. Qg3 g6 12. Nd1 Qc7 13. Nf2 O-O-O 14. Bd2 g5 15.
fxg5 Ndxe5 16. Ng4 Nxf3+ 17. Qxf3 Nd4 18. Qe3 Nxc2 19. Qe5 Qxe5 20. Nxe5 Nxa1
21. Rxa1 Rdf8 22. Bh5 f6 23. Nf3 Kd7 24. Bg4 d4 25. gxf6 Bxf6 26. Re1 Bd5 27.
Bh6 Rfg8 28. h3 Rg6 29. Bf4 h5 30. Ne5+ Bxe5 31. Bxe5 Rhg8 32. Bxh5 Rxg2+ 33.
Kf1 Rf8+ 0-1

[Event "XXVI Weekend Open FIDE"]
[Site "Robecchetto con Induno ITA"]
[Date "2015.07.25"]
[Round "2"]
[White "Santoianni, Lorenzo"]
[Black "Panigoni, Giuseppe"]
[WhiteElo "1440"]
[BlackElo "1722"]
[Result "0-1"]
[PlyCount "98"]
[EventDate "2015.07.24"]

1. e4 e5 2. d4 exd4 3. Qxd4 d6 4. Bb5+ Bd7 5. Nc3 Nc6 6. Qe3 Nf6 7. Nf3 Be7 8.
O-O O-O 9. Bd2 Nb4 10. Ba4 Bxa4 11. Nxa4 Nxc2 12. Qd3 Nxa1 13. Rxa1 d5 14. e5
Ne4 15. Be3 c6 16. Qc2 Qd7 17. Bc5 Bxc5 18. Nxc5 Nxc5 19. Qxc5 f6 20. Qd6 Qxd6
21. exd6 Rad8 22. b4 Rxd6 23. a4 Re8 24. h3 d4 25. g4 d3 26. Kh2 Re4 27. Nd2
Rxb4 28. f3 Rb2 29. Rd1 Re6 30. Kg3 Re2 31. Nc4 Rbc2 32. Rxd3 Rxc4 33. Rd8+ Kf7
34. Rd7+ Re7 35. Rd3 Rxa4 36. h4 g5 37. h5 Ra2 38. f4 b5 39. Rf3 b4 40. fxg5
Ra3 41. gxf6 Rxf3+ 42. Kxf3 Kxf6 43. Kf4 h6 44. Kf3 b3 45. Kg3 b2 46. Kf3 b1=Q
47. Kg3 Qg1+ 48. Kf3 Re3+ 49. Kf4 Qf2# 0-1

[Event "XXVI Weekend Open FIDE"]
[Site "Robecchetto con Induno ITA"]
[Date "2015.07.25"]
[Round "2"]
[White "Schingaro, Angelo"]
[Black "Garcia Rubi, Juan"]
[WhiteElo "1719"]
[BlackElo "1394"]
[Result "1/2-1/2"]
[PlyCount "100"]
[EventDate "2015.07.24"]

1. e4 e5 2. Nf3 Nc6 3. d4 exd4 4. Nxd4 Nxd4 5. Qxd4 d6 6. Nc3 Qf6 7. Be3 Qxd4
8. Bxd4 Bd7 9. Bc4 Be6 10. Bb3 Bxb3 11. axb3 a6 12. O-O Ne7 13. Nd5 Nxd5 14.
exd5 O-O-O 15. Rfe1 h5 16. Re3 Rh6 17. Rae1 Kd7 18. Rf3 f6 19. Rfe3 Rg6 20. c4
b6 21. b4 Rg4 22. Re4 Rxe4 23. Rxe4 Re8 24. f3 Rxe4 25. fxe4 c5 26. bxc5 dxc5
27. Bc3 Bd6 28. g3 b5 29. cxb5 axb5 30. Kf2 b4 31. Bd2 Be5 32. b3 g5 33. Ke2
Kd6 34. Kd3 Kc7 35. Be3 Bd6 36. Kc4 Kb6 37. Bf2 Be7 38. d6 Bxd6 39. Kd5 Be7 40.
Be3 Bf8 41. e5 fxe5 42. Bxg5 Kb5 43. Bf6 e4 44. Kxe4 c4 45. bxc4+ Kxc4 46. h3
Bd6 47. g4 hxg4 48. hxg4 b3 49. g5 Be7 50. Bb2 Bxg5 1/2-1/2

[Event "XXVI Weekend Open FIDE"]
[Site "Robecchetto con Induno ITA"]
[Date "2015.07.25"]
[Round "3"]
[White "Biava, Pierluigi"]
[Black "Colombo, Ernesto"]
[WhiteElo "1588"]
[BlackElo "1667"]
[Result "1/2-1/2"]
[PlyCount "55"]
[EventDate "2015.07.24"]

1. e4 e6 2. Qe2 b6 3. f4 Bb7 4. Nf3 Nc6 5. c3 d6 6. Na3 Be7 7. g3 Qd7 8. Bg2 h5
9. h4 O-O-O 10. d4 f5 11. Ng5 Bxg5 12. fxg5 Nge7 13. O-O Rde8 14. Kh2 g6 15.
Bf4 e5 16. dxe5 Nxe5 17. Bxe5 dxe5 18. Rad1 Qe6 19. Qc4 Qxc4 20. Nxc4 Bxe4 21.
Nxe5 Bxg2 22. Kxg2 Rhg8 23. Rd4 Kb7 24. Kf3 Nc6 25. Nxc6 Kxc6 26. a4 Re6 27. b4
Rge8 28. Rd3 1/2-1/2

[Event "XXVI Weekend Open FIDE"]
[Site "Robecchetto con Induno ITA"]
[Date "2015.07.25"]
[Round "3"]
[White "Carbone, Lorenzo"]
[Black "Puricelli, Giancarlo"]
[WhiteElo "1596"]
[BlackElo "1683"]
[Result "0-1"]
[PlyCount "108"]
[EventDate "2015.07.24"]

1. e4 b6 2. d4 Bb7 3. Nc3 e6 4. Bd3 Bb4 5. Bd2 Nf6 6. Qe2 Be7 7. Nf3 d6 8. O-O
Nbd7 9. a4 a5 10. Rfe1 c5 11. Bb5 O-O 12. d5 e5 13. Rad1 Nb8 14. Bg5 Na6 15. h3
Ne8 16. Bxe7 Qxe7 17. Qd2 Nb4 18. Ne2 Na6 19. Ng3 g6 20. Bxe8 Rfxe8 21. Qh6 Qf8
22. Qg5 Qe7 23. Qh6 Qf8 24. Qg5 h6 25. Qd2 Kh7 26. Nh2 Bc8 27. f4 Qg7 28. fxe5
Qxe5 29. Ng4 Bxg4 30. hxg4 Qxg3 31. Qe2 Nc7 32. Rd3 Qe5 33. Rf3 Rf8 34. Qf2 Qd4
35. Ree3 Kg7 36. c3 Qe5 37. Rf4 Rae8 38. Rh3 Nxd5 39. exd5 Qe1+ 40. Qxe1 Rxe1+
41. Rf1 Re4 42. b3 Rxg4 43. Re3 Rg5 44. Rd1 Re5 45. Rxe5 dxe5 46. Kf2 f5 47.
Ke3 Kf6 48. d6 Rd8 49. d7 Ke6 50. Rb1 Rxd7 51. b4 cxb4 52. cxb4 f4+ 53. Ke2 Rd4
54. bxa5 bxa5 0-1

[Event "XXVI Weekend Open FIDE"]
[Site "Robecchetto con Induno ITA"]
[Date "2015.07.25"]
[Round "3"]
[White "Clerici, Diego"]
[Black "Ruggiero, Paolino"]
[WhiteElo "1359"]
[BlackElo "1505"]
[Result "1-0"]
[PlyCount "119"]
[EventDate "2015.07.24"]

1. e4 e5 2. Nf3 f5 3. Nxe5 Nf6 4. Bc4 Qe7 5. Nf3 fxe4 6. Ng5 d5 7. Be2 Nc6 8.
d4 Qb4+ 9. c3 Qd6 10. f3 Be7 11. fxe4 dxe4 12. O-O O-O 13. Bc4+ Kh8 14. Nf7+
Rxf7 15. Bxf7 Ng4 16. Bf4 Qd7 17. h3 Nf6 18. Nd2 Na5 19. b4 Nc6 20. Bb3 Bd6 21.
Qe2 Bxf4 22. Rxf4 Nxb4 23. Nxe4 Nbd5 24. Bxd5 Qxd5 25. Nxf6 gxf6 26. Qe8+ Kg7
27. Qe7+ Qf7 28. Re1 b6 29. c4 Bd7 30. c5 Kg6 31. cxb6 cxb6 32. Qxf7+ Kxf7 33.
d5 Rc8 34. d6 Be6 35. Ref1 f5 36. g4 Bxa2 37. gxf5 Bc4 38. d7 Rd8 39. Rxc4 Rxd7
40. f6 a5 41. Rc6 b5 42. Rc5 Rb7 43. Rb1 b4 44. Rxa5 Kxf6 45. Ra4 b3 46. Ra3 b2
47. Ra2 Rb3 48. Kg2 Kg5 49. Raxb2 Re3 50. Ra2 Re4 51. Rb5+ Kh4 52. Rb7 h6 53.
Rab2 Kh5 54. R7b6 Kg5 55. R2b5+ Kf4 56. Rb4 Rxb4 57. Rxb4+ Kg5 58. Kg3 Kg6 59.
Rb5 Kg7 60. Rb6 1-0

[Event "XXVI Weekend Open FIDE"]
[Site "Robecchetto con Induno ITA"]
[Date "2015.07.25"]
[Round "3"]
[White "Corbelli, Daniele"]
[Black "Frignani, Alessandro"]
[WhiteElo "1412"]
[BlackElo "1403"]
[Result "0-1"]
[PlyCount "94"]
[EventDate "2015.07.24"]

1. e4 e5 2. Nf3 Qf6 3. d4 Bb4+ 4. c3 Bd6 5. Bc4 h6 6. Be3 Nc6 7. Nbd2 Nge7 8.
d5 Na5 9. Be2 b6 10. b4 Nb7 11. Rb1 c5 12. a4 a5 13. b5 Bc7 14. Nc4 d6 15. h3
Bd7 16. Ncd2 O-O-O 17. Qc1 Qg6 18. Nh4 Qf6 19. Nhf3 Rdg8 20. Kd1 g5 21. g3 Qg7
22. c4 f5 23. exf5 Bxf5 24. Rb3 g4 25. hxg4 Bxg4 26. Nf1 Nf5 27. N3h2 Bxe2+ 28.
Kxe2 Bd8 29. Nf3 Nd4+ 30. Nxd4 cxd4 31. Bd2 Nc5 32. Ra3 Bg5 33. Bxg5 hxg5 34.
Rxh8 Qxh8 35. Qc2 e4 36. Qd1 Qh5+ 37. f3 exf3+ 38. Rxf3 Re8+ 39. Kf2 Ne4+ 40.
Kg2 g4 41. Rf4 Qh3+ 42. Kg1 Rh8 43. Qxg4+ Qxg4 44. Rxg4 Re8 45. Kg2 d3 46. Kf3
d2 47. Ke2 Nf6+ 0-1

[Event "XXVI Weekend Open FIDE"]
[Site "Robecchetto con Induno ITA"]
[Date "2015.07.25"]
[Round "3"]
[White "Crestani, Sandro"]
[Black "Castoldi, Andrea"]
[WhiteElo "1633"]
[BlackElo "1392"]
[Result "0-1"]
[PlyCount "70"]
[EventDate "2015.07.24"]

1. c4 c5 2. Nc3 Nf6 3. g3 Nc6 4. Bg2 e6 5. Nf3 Be7 6. O-O O-O 7. d3 d5 8. cxd5
exd5 9. e3 Be6 10. Ng5 Ne5 11. Nxe6 fxe6 12. d4 cxd4 13. Qxd4 Nc6 14. Qd1 a6
15. Ne2 Bd6 16. Bd2 Qb6 17. Rb1 Nb4 18. a3 Nd3 19. Qc2 Nc5 20. b4 Nce4 21. Rbc1
Nxd2 22. Qxd2 Rac8 23. Nd4 Kf7 24. Qd3 Be5 25. Nb3 Bd6 26. e4 dxe4 27. Bxe4
Nxe4 28. Qxe4 Be7 29. Qxh7 Rcd8 30. Qh5+ Kg8 31. Rce1 Rd5 32. Qg4 Rff5 33. Qg6
Rf6 34. Qe8+ Bf8 35. Qh5 Rxh5 0-1

[Event "XXVI Weekend Open FIDE"]
[Site "Robecchetto con Induno ITA"]
[Date "2015.07.25"]
[Round "3"]
[White "Foroni, Francesco"]
[Black "Lo Curto, Davide"]
[WhiteElo "1836"]
[BlackElo "1615"]
[Result "1-0"]
[PlyCount "51"]
[EventDate "2015.07.24"]

1. Nf3 d5 2. e3 c5 3. d4 Bg4 4. Nbd2 Nc6 5. c3 Nf6 6. Qa4 e6 7. Ne5 Qa5 8. Qxa5
Nxa5 9. Bb5+ Ke7 10. dxc5 a6 11. Nxg4 Nxg4 12. Be2 Ne5 13. O-O Kd7 14. b4 Nac6
15. Bb2 a5 16. a3 Kc7 17. Rfd1 Be7 18. Bb5 b6 19. cxb6+ Kxb6 20. Be2 h5 21. b5
Na7 22. a4 Bd6 23. c4 dxc4 24. Bxe5 Bb4 25. Nxc4+ Kc5 26. Bd6# 1-0

[Event "XXVI Weekend Open FIDE"]
[Site "Robecchetto con Induno ITA"]
[Date "2015.07.25"]
[Round "3"]
[White "Garcia Rubi, Juan"]
[Black "Cecchini, Massimo S."]
[WhiteElo "1394"]
[BlackElo "1732"]
[Result "1-0"]
[PlyCount "115"]
[EventDate "2015.07.24"]

1. e4 c6 2. d4 d5 3. Nc3 dxe4 4. Nxe4 Bf5 5. Ng3 Bg6 6. Nf3 Nd7 7. Nh4 e6 8.
Nxg6 hxg6 9. Bf4 Ngf6 10. Bg5 Qa5+ 11. Qd2 Qxd2+ 12. Bxd2 O-O-O 13. Be2 Bd6 14.
O-O-O Nd5 15. h3 Be7 16. Bf3 a6 17. Ne4 N7f6 18. Nxf6 Bxf6 19. c3 Kb8 20. Rhe1
Rc8 21. Kb1 Rhd8 22. Bg4 Ne7 23. Bf4+ Ka7 24. Be5 Rd7 25. f4 Rcd8 26. Kc2 Kb6
27. Bf3 Rc8 28. Bxf6 gxf6 29. g4 Rdd8 30. c4 Rd7 31. Kc3 Rcd8 32. b4 Kc7 33.
Re2 g5 34. fxg5 fxg5 35. Re5 Rg8 36. d5 cxd5 37. cxd5 exd5 38. Bxd5 Nxd5+ 39.
Rexd5 Rgd8 40. Rc5+ Kb6 41. Rxd7 Rxd7 42. Rxg5 Re7 43. Kd3 Kc6 44. h4 Kd6 45.
Kd4 Re1 46. h5 Ke6 47. Kc5 Ra1 48. Kb6 Rxa2 49. Kxb7 Rb2 50. Kxa6 Rxb4 51. h6
Rb8 52. Rb5 Rh8 53. g5 Ra8+ 54. Kb7 Rh8 55. Kc7 Ra8 56. Rb8 Ra7+ 57. Kb6 Re7
58. h7 1-0

[Event "XXVI Weekend Open FIDE"]
[Site "Robecchetto con Induno ITA"]
[Date "2015.07.25"]
[Round "3"]
[White "Gerthoffert, David"]
[Black "Pizzolato, Roberto"]
[WhiteElo "1710"]
[BlackElo "1786"]
[Result "1/2-1/2"]
[PlyCount "124"]
[EventDate "2015.07.24"]

1. e4 d6 2. d4 Nf6 3. Nc3 e5 4. dxe5 dxe5 5. Bg5 Be7 6. Qxd8+ Bxd8 7. O-O-O O-O
8. Nf3 Nbd7 9. Bc4 c6 10. Rd2 b5 11. Bd3 Be7 12. Rhd1 a5 13. Ne2 Re8 14. Ng3 h6
15. Be3 Ng4 16. Nf5 Bf8 17. Be2 Nxe3 18. Nxe3 Nf6 19. Rd8 Bb7 20. Rxa8 Bxa8 21.
Bd3 g6 22. h3 Bb7 23. g4 Bc8 24. g5 Nh5 25. Ng4 hxg5 26. Nfxe5 Re6 27. Nf3 Rd6
28. Be2 Nf4 29. Bf1 Rxd1+ 30. Kxd1 Bxg4 31. hxg4 f6 32. Nd4 Bc5 33. Nxc6 Bxf2
34. Bxb5 Bb6 35. Bc4+ Kg7 36. e5 fxe5 37. Nxe5 Bd4 38. Nc6 Bxb2 39. Nxa5 Bc3
40. Nc6 Ng2 41. Ke2 Kf6 42. a4 Nf4+ 43. Kf3 Ne6 44. a5 Nd4+ 45. Nxd4 Bxd4 46.
a6 Ke5 47. Bd3 Bc5 48. Bxg6 Kd4 49. Bd3 Ba7 50. Ke2 Kc3 51. Kf3 Kd4 52. Bf5 Bb6
53. Bd7 Ba7 54. Bb5 Bb6 55. c4 Ba7 56. Ke2 Kc3 57. Kd1 Bb6 58. Ke2 Ba7 59. Kf3
Kd4 60. Kf2 Bb6 61. Ke1 Kc3 62. Kd1 Bc5 1/2-1/2

[Event "XXVI Weekend Open FIDE"]
[Site "Robecchetto con Induno ITA"]
[Date "2015.07.25"]
[Round "3"]
[White "Gil Ojeda, Lucia"]
[Black "Gil Ojeda, Jorge"]
[WhiteElo "1440"]
[BlackElo "1285"]
[Result "0-1"]
[PlyCount "112"]
[EventDate "2015.07.24"]

1. e4 c5 2. Nf3 Nc6 3. d4 cxd4 4. Nxd4 g6 5. Nc3 Bg7 6. Be3 Nf6 7. Bd3 d6 8.
Qd2 Ng4 9. Nf3 Nxe3 10. Qxe3 Qa5 11. Qd2 Bxc3 12. Qxc3 Qxc3+ 13. bxc3 O-O 14.
O-O f5 15. Ng5 h6 16. Nf3 Bd7 17. Rfe1 Rac8 18. Rab1 b6 19. g3 e5 20. Nh4 Kg7
21. h3 Na5 22. Rf1 f4 23. g4 Rxc3 24. Rb2 Be6 25. Rd1 Ra3 26. Ra1 Rc8 27. Kf1
Bc4 28. Ke2 Bxd3+ 29. cxd3 Rcc3 30. Rd2 Nb3 31. axb3 Rxa1 32. Rb2 Ra3 33. b4
Rxd3 34. f3 Rdb3 35. Rxb3 Rxb3 36. Ng2 Rxb4 37. Ne1 a5 38. Nc2 Rb2 39. Kd2
Rxc2+ 40. Kxc2 h5 41. g5 Kf7 42. Kc3 b5 43. Kb3 Ke6 44. Kc3 d5 45. Kd3 dxe4+
46. fxe4 f3 47. Ke3 a4 48. Kxf3 a3 49. Ke3 a2 50. Kd2 a1=Q 51. Ke3 Qc3+ 52. Kf2
b4 53. Ke2 b3 54. Kd1 Qc2+ 55. Ke1 b2 56. h4 b1=R# 0-1

[Event "XXVI Weekend Open FIDE"]
[Site "Robecchetto con Induno ITA"]
[Date "2015.07.25"]
[Round "3"]
[White "Macchiettini, Pierangelo"]
[Black "Schingaro, Angelo"]
[WhiteElo "1697"]
[BlackElo "1719"]
[Result "1/2-1/2"]
[PlyCount "47"]
[EventDate "2015.07.24"]

1. d4 d5 2. Nf3 Nf6 3. c4 c6 4. e3 e6 5. a3 Nbd7 6. Nc3 Bd6 7. Be2 O-O 8. O-O
a6 9. cxd5 exd5 10. Qc2 Re8 11. Bd2 Ne4 12. Rac1 Ndf6 13. h3 a5 14. Bd3 Qe7 15.
Be1 h6 16. Ne2 Bd7 17. Bc3 c5 18. dxc5 Nxc5 19. Ned4 Nxd3 20. Qxd3 Rec8 21. Nf5
Bxf5 22. Qxf5 Qe4 23. Qxe4 Nxe4 24. Bd4 1/2-1/2

[Event "XXVI Weekend Open FIDE"]
[Site "Robecchetto con Induno ITA"]
[Date "2015.07.25"]
[Round "3"]
[White "Madaschi, Sergio"]
[Black "Fantina, Carla"]
[WhiteElo "1523"]
[BlackElo "1314"]
[Result "0-1"]
[PlyCount "124"]
[EventDate "2015.07.24"]

1. e4 d6 2. c4 Nf6 3. Nc3 c5 4. Nf3 Nc6 5. Be2 g6 6. O-O Bg7 7. d4 cxd4 8. Nxd4
O-O 9. Be3 h6 10. Nxc6 bxc6 11. h3 Kh7 12. Qc2 Bb7 13. Rad1 Qa5 14. b3 c5 15.
Bf3 Nd7 16. Bd2 Qd8 17. Be2 a6 18. Nd5 Re8 19. Bc3 e5 20. Bf3 Bxd5 21. exd5 a5
22. Rfe1 Re7 23. g3 Nb6 24. Re2 a4 25. Rde1 Rea7 26. h4 Qd7 27. Kg2 axb3 28.
axb3 Ra3 29. h5 Qf5 30. hxg6+ fxg6 31. Be4 Qf6 32. Bb2 Ra2 33. Qd3 Nd7 34. f4
Nf8 35. fxe5 dxe5 36. Rf1 Qd6 37. Qf3 R2a6 38. Ref2 R6a7 39. Qg4 Rb8 40. Bc2
Ra2 41. Bc3 Kg8 42. Ra1 Rxa1 43. Bxa1 Ra8 44. Bc3 Ra7 45. Qc8 Rc7 46. Qg4 Rf7
47. Rxf7 Kxf7 48. Qf3+ Ke7 49. Qe4 h5 50. Bd2 Kd7 51. Bg5 Ke8 52. Qf3 Nd7 53.
Qe4 Nf8 54. Qd3 Bf6 55. Qe3 Bxg5 56. Qxg5 Kf7 57. Qe3 Nd7 58. Qg5 Qf6 59. Qh6
Qg7 60. Qg5 Nf6 61. Qd2 e4 62. Qc3 Nd7 0-1

[Event "XXVI Weekend Open FIDE"]
[Site "Robecchetto con Induno ITA"]
[Date "2015.07.25"]
[Round "3"]
[White "Mantovan, Giuseppe"]
[Black "Ciochetta, Giovanni"]
[WhiteElo "1784"]
[BlackElo "1591"]
[Result "1-0"]
[PlyCount "83"]
[EventDate "2015.07.24"]

1. d4 Nf6 2. c4 g6 3. Nc3 d5 4. cxd5 Nxd5 5. e4 Nxc3 6. bxc3 Bg7 7. Be3 O-O 8.
Qd2 Nd7 9. Bc4 Nb6 10. Bb3 Bd7 11. a4 e6 12. Ne2 c6 13. O-O Nc8 14. Bh6 Nd6 15.
f3 Kh8 16. Bxg7+ Kxg7 17. Qf4 Ne8 18. e5 Kg8 19. Qh6 Ng7 20. Bc2 Nf5 21. Bxf5
exf5 22. f4 Be6 23. Rf3 f6 24. h4 Qe7 25. h5 Qg7 26. Qxg7+ Kxg7 27. Rg3 Bf7 28.
Kf2 fxe5 29. fxe5 Kh8 30. hxg6 Bxg6 31. Nf4 Rg8 32. Rh1 Bf7 33. Rgh3 Rg7 34.
Rh6 Rag8 35. R1h2 Re8 36. Rf6 Kg8 37. Rxf5 Be6 38. Rf6 Bd5 39. Nh5 Rg6 40.
Rxg6+ hxg6 41. Nf6+ Kf8 42. Rh8+ 1-0

[Event "XXVI Weekend Open FIDE"]
[Site "Robecchetto con Induno ITA"]
[Date "2015.07.25"]
[Round "3"]
[White "Marchesotti, Giovanni"]
[Black "Koureas, Panicos"]
[WhiteElo "1556"]
[BlackElo "1429"]
[Result "1/2-1/2"]
[PlyCount "31"]
[EventDate "2015.07.24"]

1. c4 e6 2. g3 Nf6 3. Bg2 d5 4. cxd5 exd5 5. Nf3 Be7 6. d4 h6 7. O-O Bf5 8. Nc3
c6 9. Nd2 O-O 10. e4 dxe4 11. Ndxe4 Nbd7 12. Bf4 Nxe4 13. Nxe4 Nf6 14. Nxf6+
Bxf6 15. Be5 Re8 16. Re1 1/2-1/2

[Event "XXVI Weekend Open FIDE"]
[Site "Robecchetto con Induno ITA"]
[Date "2015.07.25"]
[Round "3"]
[White "Mereghetti, Marco"]
[Black "Dubois, Thomas"]
[WhiteElo "1655"]
[BlackElo "1826"]
[Result "0-1"]
[PlyCount "61"]
[EventDate "2015.07.24"]

1. e4 c6 2. d4 d5 3. Nc3 dxe4 4. Nxe4 Bf5 5. Ng3 Bg6 6. Nf3 Nd7 7. Bd3 Bxd3 8.
Qxd3 Ngf6 9. O-O e6 10. Re1 Be7 11. Qb3 Qb6 12. Qxb6 Nxb6 13. b3 Bb4 14. Bd2
Nbd5 15. Bxb4 Nxb4 16. Re2 O-O 17. a3 Na6 18. Ne4 Nxe4 19. Rxe4 Rfd8 20. Ree1
Rd6 21. c3 Rad8 22. g3 Nc7 23. Re3 b6 24. Rd3 f6 25. Rad1 e5 26. Ne1 e4 27. Re3
Nd5 28. c4 Nxe3 29. fxe3 b5 30. c5 Rd5 31. Ng2 0-1

[Event "XXVI Weekend Open FIDE"]
[Site "Robecchetto con Induno ITA"]
[Date "2015.07.25"]
[Round "3"]
[White "Moroni, Luca"]
[Black "Ginosa, Romano Pierluigi"]
[WhiteElo "1821"]
[BlackElo "1622"]
[Result "1-0"]
[PlyCount "87"]
[EventDate "2015.07.24"]

1. d4 d5 2. Bf4 Nf6 3. Nf3 e6 4. Nc3 Nbd7 5. e3 a6 6. Be2 c5 7. h3 Be7 8. a4 b6
9. Ne5 Bb7 10. O-O O-O 11. Bf3 Ne4 12. Be2 f5 13. Nxe4 dxe4 14. Nxd7 Qxd7 15.
dxc5 Qxd1 16. Raxd1 Bxc5 17. Bd6 Rfc8 18. Bc4 Bd5 19. Bxd5 exd5 20. Rxd5 Bxd6
21. Rxd6 Rab8 22. c3 Rc4 23. Rd4 Rbc8 24. Rfd1 g6 25. Kf1 b5 26. axb5 axb5 27.
Rd8+ Rxd8 28. Rxd8+ Kg7 29. Rd5 b4 30. Rd4 Rxd4 31. cxd4 Kf6 32. Ke2 Ke6 33.
Kd2 Kd5 34. Kc2 Kc4 35. Kd2 g5 36. g3 g4 37. h4 h5 38. Kc2 b3+ 39. Kd2 Kb4 40.
d5 Kc5 41. d6 Kxd6 42. Kc3 Kc5 43. Kxb3 Kb5 44. Kc3 1-0

[Event "XXVI Weekend Open FIDE"]
[Site "Robecchetto con Induno ITA"]
[Date "2015.07.25"]
[Round "3"]
[White "Nava, Mario"]
[Black "Santoianni, Lorenzo"]
[WhiteElo "1299"]
[BlackElo "1440"]
[Result "1-0"]
[PlyCount "69"]
[EventDate "2015.07.24"]

1. Nf3 d5 2. d4 e6 3. e3 Bb4+ 4. c3 Ba5 5. Bd3 Nc6 6. O-O Nf6 7. Bd2 O-O 8. Qc2
Bd7 9. Ng5 g6 10. Nf3 Qe7 11. Re1 e5 12. dxe5 Nxe5 13. Nxe5 Qxe5 14. e4 d4 15.
b4 dxc3 16. Bxc3 Qg5 17. Bxf6 Qxf6 18. e5 Qc6 19. bxa5 Qd5 20. Nc3 Qxa5 21. a4
Rae8 22. Nb5 c6 23. Nd6 Rb8 24. Bc4 Be6 25. Bb3 Rbd8 26. Bxe6 c5 27. Bxf7+ Kg7
28. Nxb7 Qc7 29. Nxd8 Qxd8 30. e6 h5 31. Qc3+ Kh7 32. h4 Qxh4 33. Qxc5 g5 34.
Qc2+ Kh6 35. Qg6# 1-0

[Event "XXVI Weekend Open FIDE"]
[Site "Robecchetto con Induno ITA"]
[Date "2015.07.25"]
[Round "3"]
[White "Neri, Massimo"]
[Black "Dini, Marco"]
[WhiteElo "1711"]
[BlackElo "1440"]
[Result "1-0"]
[PlyCount "83"]
[EventDate "2015.07.24"]

1. e4 e6 2. d4 d5 3. exd5 exd5 4. Bd3 Be7 5. Qf3 Nf6 6. h3 Nbd7 7. Ne2 c5 8. c3
cxd4 9. cxd4 Nf8 10. Nbc3 Ne6 11. Be3 a6 12. O-O Bd7 13. Nxd5 Bc6 14. Nxf6+
Bxf6 15. Be4 Bxe4 16. Qxe4 Qd7 17. d5 O-O 18. dxe6 fxe6 19. Rad1 Qe7 20. Rd2
Rfd8 21. Rfd1 Rxd2 22. Rxd2 Rc8 23. g3 h6 24. Qd3 Qe8 25. Qd7 Qxd7 26. Rxd7 Rc2
27. Rd2 Rc8 28. Nf4 Rc6 29. Kf1 Rc1+ 30. Ke2 Rc6 31. Ng2 b5 32. Ne1 Kh7 33. Nf3
e5 34. Ne1 Kg6 35. Rc2 Re6 36. Nd3 Kf7 37. b4 Be7 38. Bc5 e4 39. Nf4 Rc6 40.
Nd5 Bd8 41. Ke3 Ke6 42. Kxe4 1-0

[Event "XXVI Weekend Open FIDE"]
[Site "Robecchetto con Induno ITA"]
[Date "2015.07.25"]
[Round "3"]
[White "Panigoni, Giuseppe"]
[Black "Rossi, Emanuele"]
[WhiteElo "1722"]
[BlackElo "1593"]
[Result "1/2-1/2"]
[PlyCount "59"]
[EventDate "2015.07.24"]

1. e4 e5 2. Nf3 Nc6 3. Bb5 Nf6 4. O-O d6 5. d4 Bd7 6. d5 Ne7 7. Bxd7+ Qxd7 8.
Re1 Ng6 9. c4 Be7 10. Nc3 h5 11. h3 h4 12. Nh2 Nh5 13. Qg4 Qxg4 14. Nxg4 O-O-O
15. Be3 Kb8 16. Nb5 b6 17. a4 Nf6 18. f3 Nxg4 19. fxg4 f6 20. a5 Rd7 21. Nxa7
Kxa7 22. axb6+ Kb8 23. Ra7 Rhd8 24. Rea1 c5 25. Ra8+ Kb7 26. R8a7+ Kb8 27. Ra8+
Kb7 28. R1a7+ Kxb6 29. Ra6+ Kb7 30. R8a7+ 1/2-1/2

[Event "XXVI Weekend Open FIDE"]
[Site "Robecchetto con Induno ITA"]
[Date "2015.07.25"]
[Round "3"]
[White "Pattano, Antonio"]
[Black "Pivari, Flavio"]
[WhiteElo "1263"]
[BlackElo "1481"]
[Result "0-1"]
[PlyCount "94"]
[EventDate "2015.07.24"]

1. c4 e5 2. Nc3 Bb4 3. e4 Nf6 4. Nf3 Nc6 5. Bd3 d6 6. h3 Bc5 7. O-O a6 8. Be2
Nd4 9. d3 c6 10. Nxd4 Bxd4 11. Qc2 Bd7 12. Be3 Ba7 13. Bxa7 Rxa7 14. Bf3 b5 15.
b4 h5 16. Qd1 a5 17. Rb1 axb4 18. Rxb4 Qa5 19. Qb3 c5 20. Rxb5 Bxb5 21. Nxb5
Rd7 22. Rd1 O-O 23. a4 Ra8 24. Ra1 Rb7 25. Bd1 Qe1+ 26. Kh2 Qxf2 27. Qc2 Qf4+
28. Kg1 Qe3+ 29. Kh2 Rd7 30. Bf3 g5 31. Qe2 Qxe2 32. Bxe2 Ra5 33. g3 Kg7 34.
Kg2 Kg6 35. Bd1 Ne8 36. g4 h4 37. Kf3 Ng7 38. Bc2 Ne6 39. Rh1 Rxb5 40. axb5
Nd4+ 41. Kf2 Nxc2 42. b6 Rb7 43. Rb1 Nb4 44. Ke2 Rxb6 45. Kd2 Ra6 46. Kc3 Ra2
47. Rf1 Ra3+ 0-1

[Event "XXVI Weekend Open FIDE"]
[Site "Robecchetto con Induno ITA"]
[Date "2015.07.25"]
[Round "3"]
[White "Poletto, Daniele"]
[Black "Marani, Luca"]
[WhiteElo "1712"]
[BlackElo "1839"]
[Result "0-1"]
[PlyCount "126"]
[EventDate "2015.07.24"]

1. c4 e5 2. Nc3 Nf6 3. g3 d5 4. cxd5 Nxd5 5. Bg2 Be6 6. Nf3 Nc6 7. O-O Be7 8.
d3 O-O 9. Nxd5 Bxd5 10. b3 f5 11. Bb2 Bf6 12. Nd2 Bxg2 13. Kxg2 Qd5+ 14. Kg1
Rad8 15. Rc1 Rd7 16. a3 a5 17. Qc2 e4 18. Bxf6 exd3 19. Qxd3 Qxd3 20. exd3 Rxf6
21. d4 Nxd4 22. Rfe1 Re6 23. Rxe6 Nxe6 24. Nc4 Nd4 25. Rb1 b6 26. Kg2 Re7 27.
Ne3 Re5 28. a4 Rc5 29. b4 axb4 30. Rxb4 Ne6 31. h4 g6 32. h5 f4 33. gxf4 Rxh5
34. Kg3 Ra5 35. Re4 Kf7 36. Nc4 Ra7 37. Ne5+ Kf6 38. Nc6 Nc5 39. Re7 h5 40.
Nxa7 Kxe7 41. Nc6+ Kf6 42. a5 bxa5 43. Nxa5 Kf5 44. Nc6 Kf6 45. Kf3 Nb7 46. Ke3
Nd6 47. Ne5 Nf5+ 48. Ke4 Ne7 49. Nd7+ Ke6 50. Nc5+ Kd6 51. Nb7+ Kc6 52. Nd8+
Kb5 53. Ke5 h4 54. Kf6 h3 55. Kxe7 h2 56. Kf6 h1=Q 57. Kxg6 Qg2+ 58. Kf6 Qxf2
59. f5 c5 60. Ne6 c4 61. Nc7+ Kc6 62. Ne6 c3 63. Nd8+ Kd7 0-1

[Event "XXVI Weekend Open FIDE"]
[Site "Robecchetto con Induno ITA"]
[Date "2015.07.25"]
[Round "3"]
[White "Torretta, Gilberto"]
[Black "Lo Curto, Andrea"]
[WhiteElo "1648"]
[BlackElo "1620"]
[Result "1-0"]
[PlyCount "104"]
[EventDate "2015.07.24"]

1. e4 e6 2. d4 d5 3. exd5 exd5 4. c4 Nf6 5. Nc3 Be6 6. Bf4 c5 7. Nf3 Nc6 8. Qa4
Qb6 9. Nb5 Rc8 10. Be2 a6 11. Na3 cxd4 12. O-O Qxb2 13. Nc2 dxc4 14. Rfb1 b5
15. Rxb2 bxa4 16. Nfxd4 Nxd4 17. Nxd4 Bc5 18. Be3 Ke7 19. Rb7+ Nd7 20. Rd1 Bxd4
21. Bxd4 f6 22. Bc3 Rb8 23. Ra7 Ra8 24. Rb7 Rhb8 25. Rc7 Rc8 26. Rb7 Ke8 27.
Re1 Rab8 28. Ra7 Rb6 29. Bg4 Ne5 30. Bxe6 Rxe6 31. Rxg7 h5 32. Rg8+ Kd7 33.
Rxc8 Kxc8 34. f4 Kd7 35. fxe5 fxe5 36. Rxe5 Rxe5 37. Bxe5 Ke6 38. Bc3 Kd5 39.
Kf2 Ke4 40. Ke2 h4 41. h3 Kf4 42. Kf2 Ke4 43. Bf6 Kd3 44. Bxh4 Kc2 45. Bf6 a3
46. h4 Kd2 47. h5 c3 48. Bxc3+ Kxc3 49. h6 Kb2 50. h7 Kxa2 51. h8=Q Kb1 52. Qa8
a2 1-0